This Way to Happiness / (Record no. 5967)

MARC details
000 -LEADER
fixed length control field 00477nam a2200181Ia 4500
003 - CONTROL NUMBER IDENTIFIER
control field GBCCL
005 - DATE AND TIME OF LATEST TRANSACTION
control field 20241126110553.0
008 - FIXED-LENGTH DATA ELEMENTS--GENERAL INFORMATION
fixed length control field 180419b ||||| |||| 00| 0 eng d
040 ## - CATALOGING SOURCE
Transcribing agency gbc
082 ## - DEWEY DECIMAL CLASSIFICATION NUMBER
Classification number 158
Item number NAR
100 ## - MAIN ENTRY--PERSONAL NAME
Personal name Narramore, Clyde M.
9 (RLIN) 10779
245 ## - TITLE STATEMENT
Title This Way to Happiness /
Statement of responsibility, etc. Clyde M. Narramore
250 ## - EDITION STATEMENT
Edition statement Ind. ed. reprint
260 ## - PUBLICATION, DISTRIBUTION, ETC.
Place of publication, distribution, etc. Bombay:
Name of publisher, distributor, etc. Samuel Mathai,
Date of publication, distribution, etc. 1973
300 ## - PHYSICAL DESCRIPTION
Extent 63 p.;
Dimensions 18 cm.
650 ## - SUBJECT ADDED ENTRY--TOPICAL TERM
Topical term or geographic name entry element Applied psychology
9 (RLIN) 10780
942 ## - ADDED ENTRY ELEMENTS (KOHA)
Source of classification or shelving scheme Dewey Decimal Classification
Koha item type Books
Holdings
Withdrawn status Lost status Source of classification or shelving scheme Damaged status Not for loan Home library Current Library Shelving location Date acquired Total checkouts Full call number Barcode Date last seen Copy number Price effective from Koha item type
    Dewey Decimal Classification     GRACE BIBLE COLLEGE GRACE BIBLE COLLEGE Philosophy and Religion 2018-04-19   158 NAR 004043 2025-05-01 c.1 2018-04-19 Books
© Grace Bible College Library 2025